[Event "Milan SSM August A"]
[Site "Milan"]
[Date "2015.08.02"]
[Round "3"]
[White "Cazzaniga, Walter"]
[Black "Zuliani, Francesco"]
[Result "1/2-1/2"]
[WhiteElo "2163"]
[BlackElo "1877"]
[PlyCount "134"]
[EventDate "2015.07.31"]
[EventType "swiss"]
[EventRounds "7"]
[EventCountry "ITA"]
[SourceTitle "EXT 2024"]
[Source "ChessBase"]
[SourceDate "2023.10.10"]
[SourceVersion "1"]
[SourceVersionDate "2023.10.10"]
[SourceQuality "1"]

1. d4 d5 2. c4 c6 3. Nc3 dxc4 4. Nf3 Nf6 5. a4 Bf5 6. e3 e6 7. Bxc4 Bb4 8. 0-0 Nbd7 9. Qe2 0-0 10. Nh4 Nb6 11. Nxf5 exf5 12. Bd3 g6 13. a5 Nbd5 14. Nxd5 cxd5 15. a6 b6 16. Bd2 Qe7 17. Rfc1 Rac8 18. g3 Ne4 19. Be1 Bd6 20. Bb5 Rc7 21. Rc6 Rxc6 22. Bxc6 Nf6 23. Rc1 f4 24. gxf4 Bxf4 25. Qf3 Bh6 26. Bb7 Rd8 27. Qg3 Nh5 28. Rc7 Qe4 29. Qe5 Qb1 30. Kf1 Qd3+ 31. Kg2 Qe2 32. Bxd5 Bg7 33. Qe7 Rf8 34. Qb4 Qg4+ 35. Kf1 Qf5 36. Qc4 Nf6 37. Bxf7+ Kh8 38. Be6 Qf3 39. Rc8 Ne4 40. Rxf8+ Bxf8 41. Bd5 Qh3+ 42. Ke2 Qg4+ 43. f3 Qg2+ 44. Kd3 Nd6 45. Qc2 Qg5 46. e4 Qf4 47. Qe2 Qc1 48. Bg3 Qb1+ 49. Ke3 Bh6+ 50. f4 Qg1+ 51. Qf2 Qc1+ 52. Kf3 Qh1+ 53. Kg4 Nxe4 54. Qf3 Nf6+ 55. Kh3 Qb1 56. Be6 Bf8 57. f5 g5 58. Be5 Be7 59. d5 Kg7 60. Qe2 Kh6 61. d6 Bd8 62. Kg2 Nh5 63. Qf3 Qc2+ 64. Kh3 Nf6 65. Bxf6 Bxf6 66. b3 Be5 67. Kg4 Qxh2 1/2-1/2

[Event "Milan SSM August A"]
[Site "Milan"]
[Date "2015.07.31"]
[Round "1"]
[White "Zuliani, Francesco"]
[Black "Astengo, Corrado"]
[Result "1/2-1/2"]
[WhiteElo "1877"]
[BlackElo "2114"]
[PlyCount "71"]
[EventDate "2015.07.31"]
[EventType "swiss"]
[EventRounds "7"]
[EventCountry "ITA"]
[SourceTitle "EXT 2024"]
[Source "ChessBase"]
[SourceDate "2023.10.10"]
[SourceVersion "1"]
[SourceVersionDate "2023.10.10"]
[SourceQuality "1"]

1. e4 c5 2. Nf3 d6 3. d4 cxd4 4. Nxd4 Nf6 5. Nc3 a6 6. Rg1 e5 7. Nb3 Be6 8. g4 h6 9. h4 Nc6 10. g5 hxg5 11. hxg5 Nd7 12. g6 fxg6 13. Nd5 Nf6 14. Bg5 Bxd5 15. Bxf6 Qxf6 16. Qxd5 Qf7 17. Qxf7+ Kxf7 18. Bc4+ Kf6 19. 0-0-0 Rc8 20. Nd2 b5 21. Bb3 Nd4 22. Rg2 Be7 23. c3 Nxb3+ 24. axb3 Rh6 25. Nf1 Rch8 26. Ne3 Kf7 27. Nd5 Rh2 28. Rg3 Rxf2 29. Nxe7 Kxe7 30. Rxg6 Rhh2 31. Rxg7+ Kf6 32. Rdg1 Rc2+ 33. Kd1 Rcd2+ 34. Kc1 Rc2+ 35. Kd1 Rcd2+ 36. Kc1 1/2-1/2

[Event "Robecchetto op-B 24th"]
[Site "Robecchetto"]
[Date "2013.12.30"]
[Round "6"]
[White "Porzio, Massimo"]
[Black "Zuliani, Francesco"]
[Result "1/2-1/2"]
[WhiteElo "1848"]
[BlackElo "1834"]
[PlyCount "47"]
[EventDate "2013.12.27"]
[EventType "swiss"]
[EventRounds "6"]
[EventCountry "ITA"]
[SourceTitle "EXT 2015"]
[Source "ChessBase"]
[SourceDate "2014.11.20"]
[SourceVersion "1"]
[SourceVersionDate "2014.11.20"]
[SourceQuality "1"]

1. e4 Nf6 2. e5 Nd5 3. d4 d6 4. c4 Nb6 5. exd6 exd6 6. Nc3 Be7 7. Nf3 0-0 8. Bd3 Bg4 9. h3 Bxf3 10. Qxf3 Nc6 11. Be3 Bf6 12. 0-0 g6 13. Rfd1 Nxd4 14. Qxb7 c5 15. Nd5 Bg7 16. Ne7+ Kh8 17. Bxd4 cxd4 18. Nd5 Rb8 19. Qxa7 Nxd5 20. cxd5 Rxb2 21. Rab1 Rb8 22. Rxb8 Qxb8 23. Qxb8 Rxb8 24. a4 1/2-1/2

[Event "Robecchetto op-B 24th"]
[Site "Robecchetto"]
[Date "2013.12.28"]
[Round "3"]
[White "Biancotti, Alessandro"]
[Black "Zuliani, Francesco"]
[Result "0-1"]
[WhiteElo "1872"]
[BlackElo "1834"]
[PlyCount "166"]
[EventDate "2013.12.27"]
[EventType "swiss"]
[EventRounds "6"]
[EventCountry "ITA"]
[SourceTitle "EXT 2015"]
[Source "ChessBase"]
[SourceDate "2014.11.20"]
[SourceVersion "1"]
[SourceVersionDate "2014.11.20"]
[SourceQuality "1"]

1. e4 Nf6 2. e5 Nd5 3. Nf3 d6 4. exd6 exd6 5. d4 Be7 6. Be2 0-0 7. 0-0 Re8 8. c3 c5 9. Qb3 Nb6 10. Be3 Be6 11. Qc2 N8d7 12. c4 Bf6 13. d5 Bg4 14. Nbd2 Ne5 15. Rac1 g6 16. b3 Nbd7 17. Qd1 Nxf3+ 18. Bxf3 Bxf3 19. Nxf3 Ne5 20. Bf4 Nxf3+ 21. Qxf3 Bg5 22. Rce1 Qf6 23. Bxg5 Qxg5 24. Re4 Re5 25. Rxe5 Qxe5 26. Qe3 Qxe3 27. fxe3 Re8 28. Kf2 f5 29. Kf3 Re4 30. h3 Kf7 31. g4 h6 32. gxf5 gxf5 33. Rg1 a6 34. a4 b5 35. cxb5 axb5 36. a5 c4 37. bxc4 bxc4 38. a6 c3 39. Rc1 Ra4 40. Rxc3 Rxa6 41. Kf4 Kf6 42. Rc4 Ra5 43. Rd4 Ra1 44. e4 Rf1+ 45. Ke3 Ke5 46. Ra4 Re1+ 47. Kf2 Rxe4 48. Ra5 Rh4 49. Kg3 Rd4 50. Ra7 h5 51. h4 Rd3+ 52. Kg2 Kf4 53. Rg7 Rxd5 54. Rg5 Rd2+ 55. Kg1 d5 56. Rxh5 Kg4 57. Rg5+ Kf4 58. Rg8 Ra2 59. h5 Ra6 60. Rg6 Ra7 61. Rh6 Rd7 62. Kf2 d4 63. Rg6 d3 64. Rg1 Rh7 65. Rd1 Ke4 66. Re1+ Kd4 67. Rh1 d2 68. Ke2 Ke4 69. Rh4+ f4 70. Kxd2 Kf3 71. Ke1 Re7+ 72. Kf1 Rb7 73. Rh3+ Kg4 74. Rd3 Kxh5 75. Kf2 Kg4 76. Rd2 Rh7 77. Rd8 Rh2+ 78. Kf1 Ra2 79. Rd7 Kf3 80. Rd3+ Kg4 81. Rd7 Kg3 82. Rd1 f3 83. Rb1 Rh2 0-1

[Event "Robecchetto op-B 24th"]
[Site "Robecchetto"]
[Date "2013.12.27"]
[Round "1"]
[White "Coqueraut, Lodewyk"]
[Black "Zuliani, Francesco"]
[Result "0-1"]
[WhiteElo "1724"]
[BlackElo "1834"]
[PlyCount "64"]
[EventDate "2013.12.27"]
[EventType "swiss"]
[EventRounds "6"]
[EventCountry "ITA"]
[SourceTitle "EXT 2015"]
[Source "ChessBase"]
[SourceDate "2014.11.20"]
[SourceVersion "1"]
[SourceVersionDate "2014.11.20"]
[SourceQuality "1"]

1. Nf3 Nf6 2. d4 g6 3. c4 Bg7 4. Nc3 0-0 5. e4 d6 6. Be2 e5 7. dxe5 dxe5 8. 0-0 Qe7 9. Qc2 c6 10. h3 a5 11. Be3 Na6 12. a3 Nh5 13. Nd2 Nf4 14. Bf3 Be6 15. Ne2 Nxe2+ 16. Bxe2 f5 17. exf5 gxf5 18. f3 f4 19. Bf2 Nc5 20. Kh2 Nd7 21. c5 Bf6 22. Rg1 Kh8 23. Ne4 Bh4 24. g3 fxg3+ 25. Bxg3 Rg8 26. Qc3 Bxg3+ 27. Rxg3 Rxg3 28. Nxg3 Qh4 29. Bf1 Rg8 30. Qe1 Qf4 31. Rd1 Bd5 32. Bg2 Nf6 0-1

[Event "Bratto op-B 33rd"]
[Site "Bratto"]
[Date "2013.08.22"]
[Round "5"]
[White "Domenighini, Alessandro"]
[Black "Zuliani, Francesco"]
[Result "1/2-1/2"]
[WhiteElo "1763"]
[BlackElo "1803"]
[PlyCount "76"]
[EventDate "2013.08.18"]
[EventType "swiss"]
[EventRounds "8"]
[EventCountry "ITA"]
[SourceTitle "EXT 2015"]
[Source "ChessBase"]
[SourceDate "2014.11.20"]
[SourceVersion "1"]
[SourceVersionDate "2014.11.20"]
[SourceQuality "1"]

1. d4 Nf6 2. c4 g6 3. Nc3 Bg7 4. Nf3 0-0 5. e4 d6 6. Bg5 h6 7. Bf4 Nh5 8. Be3 e5 9. d5 a5 10. Qd2 Kh7 11. Be2 Nf6 12. h3 Na6 13. Nh2 Nc5 14. Bf3 a4 15. Ng4 Ng8 16. h4 h5 17. Nh2 Nf6 18. Bg5 Qe8 19. Qe2 Rh8 20. Nb5 Qd7 21. Rd1 Ng4 22. Bxg4 hxg4 23. Nf1 f6 24. Bc1 f5 25. f3 f4 26. fxg4 Qxg4 27. Nxc7 Qxe2+ 28. Kxe2 Bg4+ 29. Ke1 Rad8 30. Rd2 Nxe4 31. Rc2 Nc5 32. Rc3 Rd7 33. Nb5 e4 34. Ra3 Bxb2 35. Bxb2 Re8 36. Bd4 e3 37. h5 gxh5 38. Nh2 Bf5 1/2-1/2

[Event "Bratto op-B 33rd"]
[Site "Bratto"]
[Date "2013.08.21"]
[Round "4"]
[White "Zuliani, Francesco"]
[Black "Guerini, Silvia"]
[Result "1/2-1/2"]
[WhiteElo "1803"]
[BlackElo "1773"]
[PlyCount "82"]
[EventDate "2013.08.18"]
[EventType "swiss"]
[EventRounds "8"]
[EventCountry "ITA"]
[SourceTitle "EXT 2015"]
[Source "ChessBase"]
[SourceDate "2014.11.20"]
[SourceVersion "1"]
[SourceVersionDate "2014.11.20"]
[SourceQuality "1"]

1. e4 c6 2. Nc3 d5 3. Nf3 Bg4 4. h3 Bxf3 5. Qxf3 e6 6. d3 Nd7 7. Bd2 Ngf6 8. g4 Nb6 9. 0-0-0 d4 10. Ne2 e5 11. g5 Nfd7 12. h4 Qc7 13. Bh3 Be7 14. Rdf1 f6 15. Qg3 0-0-0 16. f4 Rdf8 17. fxe5 fxe5 18. Ba5 Bd6 19. Bxb6 axb6 20. Qg4 Qd8 21. Ng3 g6 22. Rf6 Kc7 23. Rxf8 Rxf8 24. Qxd7+ Qxd7 25. Bxd7 Kxd7 26. Rf1 Rf4 27. Rh1 Be7 28. Kd1 Ke6 29. Ke2 Kf7 30. Rf1 Kg7 31. Rxf4 exf4 32. Nh1 h6 33. Kf3 hxg5 34. hxg5 Bxg5 35. Nf2 Bh4 36. Ng4 g5 37. e5 Kf7 38. Ke4 Ke6 39. c4 c5 40. a4 Be1 41. Nh2 Bg3 1/2-1/2

[Event "Milan Crespi op-B 33rd"]
[Site "Milan"]
[Date "2012.12.08"]
[Round "4"]
[White "Zuliani, Francesco"]
[Black "Colombo, Luca"]
[Result "0-1"]
[WhiteElo "1783"]
[BlackElo "1884"]
[PlyCount "106"]
[EventDate "2012.12.05"]
[EventType "swiss"]
[EventRounds "7"]
[EventCountry "ITA"]
[SourceTitle "EXT 2015"]
[Source "ChessBase"]
[SourceDate "2014.11.20"]
[SourceVersion "1"]
[SourceVersionDate "2014.11.20"]
[SourceQuality "1"]

1. e4 c5 2. c3 Nf6 3. e5 Nd5 4. d4 cxd4 5. cxd4 Nc6 6. Nf3 e6 7. Bc4 Nb6 8. Bb3 Na5 9. Bc2 Bb4+ 10. Bd2 Bxd2+ 11. Qxd2 Nd5 12. Bd3 Nc6 13. 0-0 d6 14. Bc4 dxe5 15. dxe5 Nce7 16. Nc3 Nxc3 17. Qxd8+ Kxd8 18. bxc3 Nc6 19. Rfe1 Ke7 20. Rad1 Rd8 21. Rxd8 Nxd8 22. Ng5 h6 23. Ne4 Nc6 24. Nd6 Nxe5 25. Nxc8+ Rxc8 26. Bd5 Rxc3 27. Bxb7 Nd3 28. Ra1 Rc1+ 29. Rxc1 Nxc1 30. a3 Kd6 31. Kf1 Kc5 32. Ke1 Nd3+ 33. Kd2 Nxf2 34. Bf3 Kd4 35. Kc2 Ne4 36. Bh5 g6 37. Be2 f5 38. Kb3 Kc5 39. a4 Nd6 40. Kc3 e5 41. Bd1 e4 42. Bb3 g5 43. h3 f4 44. Bd1 Nf5 45. Bc2 Kd5 46. Bb3+ Ke5 47. Kb4 e3 48. Bd1 Nd4 49. Ka5 e2 50. Bxe2 Nxe2 51. Ka6 Nc3 52. a5 Kd6 53. Kxa7 Kc7 0-1